Normal görünüm
MARC görünümü
Giriş Meeting Name
001 - CONTROL NUMBER
- control field: 3374
003 - CONTROL NUMBER IDENTIFIER
- control field: TR-AnABB
005 - DATE AND TIME OF LATEST TRANSACTION
- control field: 20260413123943.0
008 - FIXED-LENGTH DATA ELEMENTS
- fixed length control field: 260413|| aca||aabn | a|a d
040 ## - CATALOGING SOURCE
- Original cataloging agency: TR-AnABB
- Transcribing agency: TR-AnABB
111 ## - HEADING--MEETING NAME
- Meeting name or jurisdiction name as entry element: Güneydoğu ve yerel yönetimler sempozyumu
- Date of meeting or treaty signing: (1994 :
- Location of meeting: Diyarbakır)
670 ## - SOURCE DATA FOUND
- Source citation: Koha: (TR-AnABB)10200: Güneydoğu ve yerel yönetimler sempozyumu (1994 : Diyarbakır), Güneydoğu ve yerel yönetimler sempozyumu, 26-27 Ekim 1994, Diyarbakır /, 1994
